00746nam a2200217 a 450000500170000000800410001701000130005802000250007103500130009603700150010904000180012408200060014210000170014824500470016526000370021227000720024930000330032149000370035452001040039165000330049520090909143113.0990210s1999 nyua j 000 1 eng  aB-357151 c50.00a9788189973360 aB-357151 bDBAD / PUB adplbEnglish  aS aGupta, Mona  aStories from Panchtantra /cby Mona Gupta  aNew Delhi bMind Melodies c2008 aA-18, Mohan Garden, Near Nawada Metro Station, bNew Delhi e110059 a24p.:c25cm(pbk) bcol. ill  aSelected stories for good living aA little girl falls down a rabbit hole and discovers a world of nonsensical and amusing characters. aChildren's stories, English